Vybrané údaje zo sčítania ľudu, domov a bytov 1.11.1980 v okrese Rožňava

Bibliographic Details
Format: Book
Language:Slovak
PhysicalDescription:[24 s.] tab. 15 cm
Published: Rožňava DPV OV KSS 1981
Edition:[1.] vyd.
Subjects:

MARC

LEADER 00000nam a2200000 a 4500
001 vtls010625168
003 SK-MaSNL
005 20260301142459.0
008 180815s1981 xo a f 000 0 slo
020 |q (brož.) 
040 |a SNK  |b slo  |c SNK  |e AACR2 
041 0 |a slo 
044 |a xo  |c SK 
072 7 |a 351  |x Úlohy verejnej správy, správne opatrenia. Legislatíva  |2 konspekt 
080 |a 351.778.57  |2 2001 
080 |a 314.116  |2 2001 
080 |a (437.6)  |2 2001 
080 |a (041)  |2 2001 
245 0 0 |a Vybrané údaje zo sčítania ľudu, domov a bytov 1.11.1980 v okrese Rožňava 
250 |a [1.] vyd. 
260 |a Rožňava  |b DPV OV KSS  |c 1981 
300 |a [24 s.]  |b tab.  |c 15 cm 
500 |a Názov z obalu 
648 7 |a 1980  |2 SNKPH  |9 279231 
650 0 7 |a sčítanie obyvateľov, domov a bytov  |2 SNKPH  |9 58111 
651 7 |a Rožňava (Slovensko : okres)  |2 SNKPH  |9 19215 
655 7 |a brožúry  |2 SNKPH  |9 70146 
958 |a OND 
999 |c 770367  |d 772297 
952 |a SNK  |b SNK  |y PREZ  |7 0  |p 17A0810604  |o snkOSE 4968  |i snk2014/20142  |8 3  |g 0.20  |0 0  |1 0  |4 0  |d 2014-09-30  |l 0  |r 2026-02-24 00:32:57  |w 2026-02-24